| 000 | 00440nam a2200169Ia 4500 | ||
|---|---|---|---|
| 003 | LK-CoDNM | ||
| 008 | 010623t2004 xxu||||| |||| 00| 1 eng d | ||
| 040 |
_aLK-CoDNM _dLK-CoDNM _eLK-CoDNM |
||
| 041 | _aeng | ||
| 080 |
_a36.011.6 _bIBA |
||
| 100 | _aIbarguen, Claudia | ||
| 245 | _aPoverty and youth issues in Sri Lanka | ||
| 260 |
_bA centre for poverty analysis _aSri Lanka _c2004 |
||
| 300 | _b12, 21 cm | ||
| 500 | _a5 | ||
| 942 | _cBK | ||
| 999 |
_c123490 _d123490 |
||